Statystyki dla CO TO ZA CHAMPION Z LEAGUE OF LEGENDS #2

Kliknij tutaj aby rozwiązać quiz!

Ogólne statystyki

  • Ten quiz został rozwiązany 54 razy
  • Średni wynik to 6 z 8

Statystyki odpowiedzi

Odpowiedź% Poprawnych
ANNIE
96%
DRAVEN
89%
KENNEN
89%
NEEKO
77%
JAX
68%
TWITCH
68%
NASUS
66%
KARMA
51%

Rozkład punktacji

Percentyl według liczby udzielonych odpowiedzi

Procent ludzi z każdym wynikiem

Twoja historia wyników

Nie rozwiązałeś tego quizu